00970cam a2200277 i 4500001000500000005001700005020001800022040003000040050001400070082001000084100001800094245007800112250004200190260004000232300005800272490002100330500005400351505000800405520014200413521002000555521002000575650002200595650002200617650002000639700003300659295220260123131517.0 a9780399255373 aDLCbengcDLCerdadFISKH00aPZ7.D338800a813.61 aDaywalt, Drew14aThe day the crayons quit /cby Drew Daywalt ; pictures by Oliver Jeffers. aFirst published in paper back in 2014 aNew York : bHarperCollins , c2013 a31 unnumbered pages :bcolor illustrations ;c26 cm . a The Crayons (1) aCompanion book to: The day the crayons came home. aR  aWhen Duncan arrives at school one morning, he finds a stack of letters, one from each of his crayons, complaining about how he uses them. a730 bLexile  aR bRaz-plus  1aCrayonsvFiction. 1aLettersvFiction. 1aColorvFiction.1 aJeffers, Olivereillustrator